000
00328nam a22001337a 4500
008
180126b xxu||||| |||| 00| 0 eng d
020
_a
9780984949922
041
_a
eng
080
_a
574
100
_a
9
101
_a
MJE
245
_a
Conservation outcomes from pastureland and hayland practice
_c
Nelson,C.J
942
_2
udc
_c
BK
999
_c
40998
_d
40998